| 000 | 01125cam a2200241 4500 | ||
|---|---|---|---|
| 008 | 090401t1988 xxu||||| |||| 00| 0 eng d | ||
| 020 | _a042140390X | ||
| 035 | _a(Sirsi) u4015 | ||
| 041 | _aeng | ||
| 050 | _a711.1 | ||
| 110 |
_aJournal of Planning and Environment Law _92913 |
||
| 245 | _aKeeping pace with change: papers from a conference held at Oxford, September 1987, organised by the Bar Council , the Law Society and the Royal Institution of Chartered Surveyors | ||
| 260 |
_aLondon _bSweet and Maxwell _c1988 |
||
| 300 | _a85p. ; 25cm. | ||
| 350 | _a28 | ||
| 490 |
_aJournal of Planning and Environment Law Occasional Paper _v14 |
||
| 520 | _aPapers by Jenkin,P. ; Cadman,D.A. Key,T. ; Jones,S.M. ; Osborne,T. ; Birch,F.S.H. ; Purdue,H.M. Haran,E.B. climate for property development. - Government initiatives ... public sector view. - Government initiatives ... private sector view. - Public cost of planning. - Legal scope of planning. - Planning appeals system. | ||
| 650 | _aDEVELOPMENT CONTROL | ||
| 650 | _aPLANNING APPEALS | ||
| 650 | _aPROPERTY DEVELOPMENT | ||
| 942 | _n0 | ||
| 948 | _c04/03/1997 | ||
| 999 |
_c85985 _d85985 |
||